000 00959nam a2200229Ia 4500
003 OSt
005 20220923221243.0
006 a|||||r|||| 00| 0
007 ta
008 220922b |||||||| |||| 00| 0 hin d
024 _a195,986
037 _cTextual
040 _aARTS
_cARTS
_bhin
041 _2hin
_ahin
082 _aP15,Cx1,1,6, 152K6(RR)
100 _aपाण्डेय, राधारमण
245 0 _aअर्थ प्रकाशिका अर्थात सिद्वान्त कौमुदी गत उदाहरणों के अर्थ एवं विशिष्ट शब्दों का परिचय
246 _aArtha prakāshikā arthāt sidvānta kaumudī gat udāharaṇoan ke artha evan vishiṣhṭa shabdoan kā parichaya
260 _c1966
942 _hP15,Cx1,1,6, 152K6(RR)
_cTEXL
_2CC
999 _c348077
_d348077